000 00647nam a2200181 i 4500
001 63014
003 ES-MaACL
005 20230906164752.0
007 t|
008 031127s1905 sp ||||1| spa d
100 1 _aFernández-Pacheco y Esteban, Eduardo.
_949978
245 1 0 _aMemoria leída en la inauguración del curso 1904 a 1905 /
_cEduardo Fernández-Pacheco y Esteban.
260 _aCórdoba :
_b[s.n.],
_c1905 (
_fEs. tip. La Puritana)
300 _a58 p. ;
_c22 cm.
500 _aPrecede al tít.: Instituto General y Técnico de Córdoba.
710 2 _aInstituto General y Técnico de Córdoba.
_95064
852 _aES-MaACL
_jT-1063-F-1
999 _c63014
_d63014